| 000 | 00567nam a22001697a 4500 | ||
|---|---|---|---|
| 999 |
_c5070 _d5070 |
||
| 008 | 201106b ||||| |||| 00| 0 eng d | ||
| 082 | 0 | 0 |
_a623.87236 _bL2181 |
| 100 |
_9785 _aLamb, John |
||
| 245 | 1 | 0 |
_aRunning and Maintenance of the marine diesel engine _cby John Lamb |
| 250 | _a6th ed. | ||
| 260 |
_aLondon _bCharles Griffin & Co _c1957 |
||
| 300 | _avii, 432 p. | ||
| 365 | _d16.64 | ||
| 504 | _aA reference book for engineers of the merchant navy and those seeking a working knowledge of marine diesel engines | ||
| 650 | 0 | _aMarine Diesel Motors | |
| 942 | _cBK | ||